Discourses of the Popes from Pius XI to John Paul II to The Pontifical Academy of Sciences 1936-1986

Αποθηκεύτηκε σε:
Λεπτομέρειες βιβλιογραφικής εγγραφής
Συγγραφή απο Οργανισμό/Αρχή: Pontificiae Academiae Scientiarum Scripta Varia (Συγγραφέας)
Μορφή: Βιβλίο
Γλώσσα:Αγγλικά
Έκδοση: Ciudad del Vaticano Pontificia Academia Scientiarum 1986
Θέματα:
Ετικέτες: Προσθήκη ετικέτας
Δεν υπάρχουν, Καταχωρήστε ετικέτα πρώτοι!

MARC

LEADER 00000nam a2200000 a 4500
001 UCM9784
003 CL-VaPUC
008 030523e19860000VC |||||||||||||||||eng|d
082 0 4 |a 262.13  |b PON  |2 21 
110 2 |a Pontificiae Academiae Scientiarum Scripta Varia  |e author  |9 476396 
245 1 0 |a Discourses of the Popes from Pius XI to John Paul II to The Pontifical Academy of Sciences 1936-1986 
300 |a 201 p 
942 |c BK 
945 |d 20030523 00:00:00  |a rbrito 
260 |a Ciudad del Vaticano  |b Pontificia Academia Scientiarum  |c 1986 
600 0 |a Pío XI  |9 337270 
600 0 |a Juan Pablo II  |9 309920 
650 7 |a DISCURSOS PAPALES  |2 CL-VaPUC  |9 476397 
650 0 |a Pontífices  |9 375468 
583 |a last modification  |c 20030523 00:00:00  |k Rodrigo Vera 
999 |c 303908  |d 303906 
952 |0 0  |1 0  |4 0  |6 262_130000000000000_PON_1986  |7 0  |8 A  |9 365502  |a BIBTEO  |b BIBTEO  |d 2019-11-21  |i 3835707  |o 262.13 PON 1986  |p 3835707  |r 2025-01-17  |w 2019-11-21  |y BK  |k ICR